|
|
|
|
| LEADER |
00000nam0a2200000 4500 |
| 001 |
47703 |
| 005 |
20231031030409.0 |
| 035 |
|
|
|a (RuTPU)RU\TPU\book\49819
|
| 090 |
|
|
|a 47703
|
| 100 |
|
|
|a 20030219d1984 km y0rusy50 ca
|
| 101 |
0 |
|
|a rus
|
| 102 |
|
|
|a RU
|
| 105 |
|
|
|a a z 001zy
|
| 200 |
1 |
|
|a Ранняя история Земли
|f В. А. Рудник, Э. В. Соботович
|
| 210 |
|
|
|a Москва
|c Недра
|d 1984
|
| 215 |
|
|
|a 348 с.
|c ил.
|
| 320 |
|
|
|a Библиогр.: с. 345-346.
|
| 320 |
|
|
|a Предм. указ.: с. 347-348.
|
| 610 |
1 |
|
|a геология
|
| 610 |
1 |
|
|a Земля
|
| 610 |
1 |
|
|a Солнечная система
|
| 610 |
1 |
|
|a происхождение
|
| 610 |
1 |
|
|a развитие
|
| 610 |
1 |
|
|a строение
|
| 610 |
1 |
|
|a геологическая история
|
| 675 |
|
|
|a 551.12
|v 3
|
| 700 |
|
1 |
|a Рудник
|b В. А.
|g Вячеслав Александрович
|
| 701 |
|
1 |
|a Соботович
|b Э. В.
|g Эмлен Владимирович
|
| 801 |
|
1 |
|a RU
|b 63413507
|c 20030219
|g PSBO
|
| 801 |
|
2 |
|a RU
|b 63413507
|c 20150610
|g PSBO
|
| 942 |
|
|
|c BK
|